Statistiken für Deutsche Musiker nach Buchstabe - M

Klicken Sie hier um das Quiz zu spielen!

Allgemein

  • Dieses Quiz wurde 108 mal gespielt
  • Das Durchschnittsergebnis liegt bei 8 aus 20

Antwortstatistiken

Aktive JahreSongsAntwort% Korrekt
1983–1987, 1998–2003You’re My Heart, You’re My Soul | Brother LouieModern Talking
76%
2000-Lila Wolken | OMG!Marteria
70%
1980-Ohne dich (schlaf ich heut Nacht nicht ein) | Tausendmal duMünchener Freiheit
53%
1965-Über den Wolken | Gute Nacht, FreundeMey, Reinhard
52%
2012-Stolen Dance | ColoradoMilky Chance
50%
1982-Ich will Spaß | Kleine Taschenlampe brenn’Markus
47%
1988–1990, 1997–1998Girl You Know It’s True | Girl I’m Gonna Miss YouMilli Vanilli
47%
1969-Du | Und es war SommerMaffay, Peter
43%
2016-Ich sterb für dich | Happy EndMai, Vanessa
40%
2015-No Roots | Why So SeriousMerton, Alice
40%
2004-Can’t Wait Until Tonight | Welt hinter GlasMutzke, Max
40%
2018-Baller los | OlabilirMero
36%
2020-Nachts wach | SehnsuchtMiksu/Macloud
33%
1991-2008Coco Jamboo | Jojo ActionMr. President
32%
1993-Idiot | Nicht verdientMichelle
30%
2006-2011Hot Summer | ShameMonrose
30%
2004-Lass die Musik an | Du schreibst GeschichteMadsen
29%
1991-Cruisen | TraumreiseMassive Töne
23%
2010-Auf & ab | MondMontez
20%
2012-30° Grad | WhatsapperMC Fitti
16%

Verteilung der Resultate

Perzentil nach korrekt beantworteten Fragen

Anzahl Personen mit jedem Resultat

Ihre Resultats-Entwicklung

Sie haben dieses Quiz noch nicht gespielt